All 25 million cities - Statistics

General Stats
  • This quiz has been taken 35 times
  • The average score is 6 of 8
Answer Stats
Population City % Correct
33.95 million Shanghai
96%
41.17 million Tokyo
96%
46.96 million Guangzhou
92%
30.51 million Delhi
79%
31.62 million Jakarta
75%
26.00 million Mumbai
71%
26.53 million Manila
67%
25.92 million Seoul
67%
No matching quizzes found
Score Distribution
Percent of People with Each Score
Percentile by Number Answered
Your Score History
You have not taken this quiz